000 004290000a22001690004500
003 MACL
005 20160129151454.0
008 160129b xxu||||| |||| 00| 0 eng d
040 _aMACL
_cMACL
041 _aEnglish
082 _a823.914/NDI
100 _aNaipaul, v s
_934743
245 _aThe Enicma of Arrival
260 _bVintage International
_c1988
_aNew York
650 _aFiction
_935476
942 _cBK
_k823.914/nai
_2ddc
999 _c31691
_d31691